000
00288nam a22001337a 4500
082
_a
920
_b
RAM/V
100
_a
RAMESH,B.G
245
_a
VYASA
250
_a
FIRST
260
_a
BANGALORE
_b
SBS PUBLISHERS DISTRIBUTORS
_c
2003
300
_a
46
650
_a
BIOGRAPHY
_z
BANGALORE
942
_c
BK
999
_c
6274
_d
6274